000 00900nam a2200265 a 4500
001 000023525
005 20240516203814.0
008 101210s1929 sp r 001 0 spa d
040 _aDO-SdBNP
_bspa
_cBNPHU
082 _3336
_bV217h, 1929
100 1 _aVan der Borght, R.
_948489
245 1 0 _aHacienda pública II :
_bparte especial /
_cR. Van Der Borght ; traducción Miguel Sancho Izquierdo , Manuel Sánchez Sarto.
250 _a2a ed.
260 _aBarcelona :
_bLabor,
_c1929.
300 _a360 p. ;
_c19 cm.
490 1 _aLabor, sección IX, economía
500 _aIncluye índice alfabético.
500 _aIncluye notas al pie de las páginas.
650 4 _HHACIENDA PÚBLICA
650 0 _aImpuestos
_98380
700 1 _aSancho Izquierdo, Miguel,
_etr.
_948490
700 1 _aSánchez Sarto, Manuel,
_etr.
_933620
830 0 _aLabor, sección IX, economía
_948491
049 _aBNGR
999 _c23021
_d23021